Devinez les footballeurs par leur parcours #2 - Statistiques

Statistiques générales
  • Ce quiz a été pris 509 fois
  • Le résultat moyen est 7 sur 10
Statistiques - réponses
Joueurs Clubs % Correct
Cristiano Ronaldo
97%
Lionel Messi
97%
Zlatan Ibrahimovic
94%
Thierry Henry
82%
Paolo Maldini | Franco Baresi
75%
Kaká
71%
Steven Gerrard
71%
Iker Casillas
59%
Petr Čech
49%
Ruud Gullit
22%
Aucun quiz correspondant
Distribution des résultats
% des personnes avec chaque résultat
Percentile par nombre de réponses
Votre historique - résultats
Vous n’avez pas pris ce quiz